000 00583nam a2200229Ia 4500
005 20250217005750.0
008 240331s9999 xx 000 0 und d
082 _bCEN
_2137
_a305.4
100 _aCENWOR
245 0 _aThe UN Decade for Women:
_bProgress and Achievements of Women in Sri Lanka
260 _aColombo
_bCentre for Women's Research
_c1989
300 _a218 p.,
650 _aUN
650 _aWomen
650 _aDevelopment
650 _aWomen's Health
650 _aFeminism
650 _aMedia
650 _aEducation
650 _aEmployment
942 _cL
999 _c1885
_d1885